[Event "World Senior 50+ 2014"]
[Site "Katerini GRE"]
[Date "2014.10.25"]
[Round "2.4"]
[White "Bischoff, Klaus"]
[Black "Shevelev, Arkady"]
[Result "1/2-1/2"]
[WhiteTitle "GM"]
[BlackTitle "IM"]
[WhiteElo "2504"]
[BlackElo "2295"]
[WhiteFideId "4600045"]
[BlackFideId "2802163"]
[EventDate "2014.10.24"]

1. d4 Nf6 2. c4 c5 3. Nf3 cxd4 4. Nxd4 Nc6 5. g3 Qb6 6. Nc2 Ne4 7. e3 d6 8. Bg2
Nf6 9. Nc3 g6 10. O-O Bg7 11. h3 O-O 12. Qe2 Be6 13. Rd1 Rac8 14. b3 Nd7 15. Bd2
a5 16. Rab1 Nc5 17. Be1 Bf5 18. Rbc1 Ne5 19. Nd5 Qd8 20. e4 Bd7 21. f4 Nc6 22.
Bf2 b6 23. Na3 Na7 24. Rd2 Bc6 25. Nb1 e6 26. Ndc3 Qc7 27. Rcd1 Rcd8 1/2-1/2

[Event "World Senior 50+ 2014"]
[Site "Katerini GRE"]
[Date "2014.10.25"]
[Round "2.5"]
[White "Frick, Christoph"]
[Black "Movsziszian, Karen"]
[Result "1/2-1/2"]
[BlackTitle "GM"]
[WhiteElo "2241"]
[BlackElo "2487"]
[WhiteFideId "4607090"]
[BlackFideId "13301152"]
[EventDate "2014.10.24"]

1. e4 g6 2. d4 Bg7 3. Nc3 d6 4. Be3 a6 5. Qd2 Nd7 6. Nf3 b5 7. Bd3 Bb7 8. O-O c5
9. Rfe1 cxd4 10. Nxd4 Ngf6 11. Bh6 O-O 12. Bxg7 Kxg7 13. Qg5 e6 14. Rad1 h6 15.
Qg3 Qb6 16. Nxe6+ fxe6 17. e5 Nxe5 18. Rxe5 dxe5 19. Qxg6+ Kh8 20. Qxh6+ Kg8 1/2-1/2

[Event "World Senior 50+ 2014"]
[Site "Katerini GRE"]
[Date "2014.10.25"]
[Round "2.6"]
[White "Kalegin, Evgenij"]
[Black "Habibi, Ali"]
[Result "1-0"]
[WhiteTitle "IM"]
[BlackTitle "IM"]
[WhiteElo "2474"]
[BlackElo "2247"]
[WhiteFideId "4103416"]
[BlackFideId "4604393"]
[EventDate "2014.10.24"]

1. e4 d6 2. d4 Nf6 3. Bd3 g6 4. Nf3 Bg7 5. O-O O-O 6. h3 Nc6 7. c3 e5 8. Re1 a6
9. Na3 b5 10. Nc2 Rb8 11. a4 Nd7 12. axb5 axb5 13. Bg5 f6 14. Bh4 Ne7 15. Ne3 c6
16. b4 Kh8 17. Qb3 Nb6 18. Red1 Qc7 19. Ra5 h6 20. Qa2 Rb7 21. Bb1 Kh7 22. Qd2
Be6 23. Ba2 Bxa2 24. Rxa2 Nec8 25. g4 Ra7 26. Rxa7 Qxa7 27. Bg3 Ne7 28. h4 Qb7
29. h5 g5 30. Qd3 Ra8 31. dxe5 dxe5 32. Qd6 Na4 33. Qe6 Ra7 34. Nf5 Qc8 35. Qf7
Qg8 36. Qxg8+ Kxg8 37. Nxe7+ Rxe7 38. Rd3 Rc7 39. Nd2 Bf8 40. Nf1 Nb2 41. Rd8
Na4 42. Rd3 Nb2 43. Rf3 Bg7 44. Re3 Rd7 45. Re2 Na4 46. Re3 Bf8 47. f3 c5 48.
Be1 Rd1 49. Kf2 c4 50. Re2 Rd3 51. Rc2 Be7 52. Ne3 Kf7 53. Nd5 Bd8 54. Ke2 Bb6
55. Ra2 Bd8 56. Rd2 Rxd2+ 57. Bxd2 Nb6 58. Be3 Nd7 59. Bc5 Kg7 60. Be7 Bb6 61.
Bxf6+ Nxf6 62. Nxb6 Kf7 63. Nd5 Ne8 64. Ne3 Kg7 65. Nf5+ Kh7 66. Kd2 Nc7 67. Kc2
Ne8 68. Kb2 Nc7 69. Ka2 Ne8 70. Ka3 Nc7 71. Nd6 Kg7 72. Kb2 Kg8 73. Ka3 Kg7 74.
Nxc4 bxc4 75. Ka4 Kf7 76. b5 Ke7 77. b6 Ne6 78. Kb5 Kd6 79. b7 Kc7 80. Kxc4 Nf4
81. Kc5 Kxb7 82. Kd6 Nd3 83. c4 Kb6 84. c5+ Nxc5 85. Kxe5 Kc6 86. Kf5 Kd6 87.
Kg6 Ke5 88. Kxh6 Ne6 89. Kg6 Kf4 90. Kf7 Nd4 91. h6 Nxf3 92. h7 Ne5+ 93. Kg7
Kxg4 94. h8=Q Kf4 95. Qh7 1-0

[Event "World Senior 50+ 2014"]
[Site "Katerini GRE"]
[Date "2014.10.25"]
[Round "2.7"]
[White "Madeira, Wagner Martins"]
[Black "Arkell, Keith C"]
[Result "0-1"]
[WhiteTitle "FM"]
[BlackTitle "GM"]
[WhiteElo "2207"]
[BlackElo "2450"]
[WhiteFideId "2100797"]
[BlackFideId "400270"]
[EventDate "2014.10.24"]

1. Nf3 d5 2. g3 g6 3. Bg2 Bg7 4. O-O e5 5. d3 Nc6 6. e4 dxe4 7. dxe4 Bg4 8. c3
Qxd1 9. Rxd1 f6 10. Na3 Bh6 11. Nc4 Bxc1 12. Raxc1 Be6 13. Bf1 Nge7 14. b3 Kf7
15. Ne3 Rhd8 16. Bc4 Bxc4 17. Nxc4 Ke6 18. Kf1 h6 19. Ke2 f5 20. Rxd8 Rxd8 21.
Nfd2 Ng8 22. f3 Nf6 23. Ne3 f4 24. gxf4 exf4 25. Ng2 g5 26. Nc4 b5 27. Nb2 Ne5
28. Rd1 Rxd1 29. Nxd1 Nxe4 30. Nxf4+ gxf4 31. fxe4 Kf6 32. Nf2 Kg5 33. a4 bxa4
34. bxa4 a5 35. Nh3+ Kg4 36. Nf2+ Kh4 37. Nd3 f3+ 38. Ke3 Nxd3 39. Kxd3 Kh3 0-1

[Event "World Senior 50+ 2014"]
[Site "Katerini GRE"]
[Date "2014.10.25"]
[Round "2.9"]
[White "Giulian, Philip M"]
[Black "Kristiansen, Jens"]
[Result "0-1"]
[WhiteTitle "FM"]
[BlackTitle "GM"]
[WhiteElo "2177"]
[BlackElo "2405"]
[WhiteFideId "2400197"]
[BlackFideId "1400061"]
[EventDate "2014.10.24"]

1. d4 Nf6 2. Bg5 Ne4 3. Bf4 c5 4. d5 d6 5. f3 Nf6 6. e4 g6 7. c4 Bg7 8. Qd2 O-O
9. Nc3 Qa5 10. Nge2 Re8 11. Ng3 a6 12. Be2 Nbd7 13. O-O Rb8 14. a3 Qc7 15. Rac1
b6 16. Bh6 Bh8 17. Kh1 Bb7 18. Be3 e6 19. dxe6 Rxe6 20. Nd5 Bxd5 21. exd5 Re7
22. a4 b5 23. axb5 axb5 24. cxb5 Nxd5 25. Bg5 N7f6 26. Ne4 Nxe4 27. fxe4 Rxe4
28. Bc4 Rd4 29. Qf2 Rf8 30. Qf3 Nb6 0-1

[Event "World Senior 50+ 2014"]
[Site "Katerini GRE"]
[Date "2014.10.25"]
[Round "2.10"]
[White "Barle, Janez"]
[Black "Nikolaidis, Konstantinos"]
[Result "1/2-1/2"]
[WhiteTitle "IM"]
[BlackTitle "FM"]
[WhiteElo "2338"]
[BlackElo "2178"]
[WhiteFideId "14600021"]
[BlackFideId "4200578"]
[EventDate "2014.10.24"]

1. e4 c6 2. d4 d5 3. e5 c5 4. dxc5 e6 5. Nf3 Bxc5 6. Bd3 Nc6 7. O-O Nge7 8. Bf4
Ng6 9. Bg3 O-O 10. Nc3 a6 11. h4 f5 12. exf6 Qxf6 13. Nxd5 exd5 14. Bxg6 Ne7 15.
Bd3 Qxb2 16. Be5 Qb4 17. Nd4 Bxd4 18. Bxd4 Bf5 19. c3 Qd6 20. Re1 1/2-1/2

[Event "World Senior 50+ 2014"]
[Site "Katerini GRE"]
[Date "2014.10.25"]
[Round "2.11"]
[White "Sturua, Zurab"]
[Black "Kempen, Leon"]
[Result "1-0"]
[WhiteTitle "GM"]
[BlackTitle "CM"]
[WhiteElo "2523"]
[BlackElo "1949"]
[WhiteFideId "13600095"]
[BlackFideId "3203786"]
[EventDate "2014.10.24"]

1. d4 e6 2. Nf3 c5 3. c4 d5 4. cxd5 exd5 5. g3 Nf6 6. Bg2 Nc6 7. O-O Bd6 8. Nc3
c4 9. Bg5 Be7 10. Ne5 O-O 11. f4 Qa5 12. e3 Rd8 13. Qf3 h5 14. Bxf6 gxf6 15.
Qxh5 fxe5 16. fxe5 Be6 17. Bh3 Bxh3 18. Qxf7+ Kh8 19. Qh5+ Kg8 20. Qg6+ Kh8 21.
Rf7 1-0

[Event "World Senior 50+ 2014"]
[Site "Katerini GRE"]
[Date "2014.10.25"]
[Round "2.12"]
[White "Malinin, Vasily B."]
[Black "Furman, Boris"]
[Result "1/2-1/2"]
[WhiteTitle "GM"]
[BlackTitle "FM"]
[WhiteElo "2280"]
[BlackElo "2152"]
[WhiteFideId "4140249"]
[BlackFideId "4107187"]
[EventDate "2014.10.24"]

1. d4 Nf6 2. c4 e6 3. Nc3 Bb4 4. Bg5 c5 5. d5 h6 6. Bh4 Bxc3+ 7. bxc3 d6 8. e3
e5 9. Qb1 Qa5 10. Ne2 Nbd7 11. f3 g5 12. Bf2 Nb6 13. h4 g4 14. Qd3 Bd7 15. h5
gxf3 16. gxf3 e4 17. fxe4 Ng4 18. Bg3 Ne5 19. Bxe5 dxe5 20. a4 Nc8 21. d6 Qa6
22. Rd1 Nb6 23. Ng3 O-O-O 24. a5 Qxa5 25. Kf2 Be6 26. Bh3 Bxh3 27. Rxh3 Qa4 28.
Nf5 Kb8 29. Rg3 Qxc4 30. Qxc4 Nxc4 31. Rg7 Rd7 32. Ke2 b6 33. Rd5 Kb7 34. Kd3
Nb2+ 35. Kc2 Nc4 36. Kd3 Nb2+ 37. Kc2 Nc4 38. Kd3 1/2-1/2

[Event "World Senior 50+ 2014"]
[Site "Katerini GRE"]
[Date "2014.10.25"]
[Round "2.13"]
[White "Bouaziz, Slim"]
[Black "Lim, Kian Hwa"]
[Result "1-0"]
[WhiteTitle "GM"]
[WhiteElo "2321"]
[BlackElo "1787"]
[WhiteFideId "5500010"]
[BlackFideId "5700744"]
[EventDate "2014.10.24"]

1. e4 e5 2. Bc4 Nf6 3. d3 Nc6 4. f4 d6 5. Nf3 Be7 6. Nc3 Bg4 7. O-O O-O 8. Be3
exf4 9. Bxf4 Ne5 10. Bb3 c6 11. Kh1 Nh5 12. Be3 Bh4 13. Qd2 Bxf3 14. gxf3 Qf6
15. d4 Nd7 16. f4 Qe7 17. Qe2 g6 18. Qf3 Bf6 19. Rae1 Rae8 20. Re2 b5 21. e5
dxe5 22. dxe5 Bxe5 23. fxe5 Nxe5 24. Qg2 Qh4 25. Bg5 Qd4 26. Re4 Qd7 27. Rh4 Ng7
28. Ne4 1-0

[Event "World Senior 50+ 2014"]
[Site "Katerini GRE"]
[Date "2014.10.25"]
[Round "2.14"]
[White "Vardakas, Stefanos"]
[Black "Findlay, David John"]
[Result "1/2-1/2"]
[WhiteElo "1954"]
[BlackElo "2162"]
[WhiteFideId "4205294"]
[BlackFideId "2400278"]
[EventDate "2014.10.24"]

1. e4 e5 2. Nf3 d6 3. h3 f5 4. exf5 Bxf5 5. g4 Bg6 6. Bg2 Nc6 7. d4 e4 8. Ng5
Nf6 9. O-O d5 10. Ne6 Qd6 11. Nxf8 Rxf8 12. b3 Rf7 13. Nc3 a6 14. Ne2 Nd7 15. a4
Nf8 16. c3 Ne6 17. b4 Ne7 18. Be3 Kf8 19. Qd2 Kg8 20. Rac1 Nc8 21. a5 b5 22. f4
exf3 23. Rxf3 Rxf3 24. Bxf3 c6 25. Bf4 Qe7 26. Re1 Nd6 27. Bg3 Nc4 28. Qc1 Ng5
29. Bg2 Be4 30. Nf4 Rf8 31. h4 Nf7 32. Nd3 Nfd6 33. Nc5 Re8 34. Nxa6 Qd7 35. Qg5
Bxg2 36. Kxg2 Ne4 37. Nc5 Nxc5 38. dxc5 Rxe1 39. Bxe1 Qe8 40. Bf2 Qe4+ 41. Kg1
Ne5 42. Qd8+ Kf7 43. Qc7+ Ke8 44. Qc8+ Ke7 45. Qc7+ Ke8 46. Qc8+ 1/2-1/2

[Event "World Senior 50+ 2014"]
[Site "Katerini GRE"]
[Date "2014.10.25"]
[Round "2.15"]
[White "Osmolny, Vladimir I."]
[Black "Sand, Rolf"]
[Result "1/2-1/2"]
[WhiteTitle "FM"]
[WhiteElo "2154"]
[BlackElo "1969"]
[WhiteFideId "24137049"]
[BlackFideId "4610334"]
[EventDate "2014.10.24"]

1. c4 c5 2. Nf3 Nf6 3. g3 g6 4. Bg2 Bg7 5. O-O O-O 6. d4 cxd4 7. Nxd4 d5 8. cxd5
Nxd5 9. Nc3 Nxc3 10. bxc3 Qc7 11. Qb3 Nc6 12. Nxc6 bxc6 13. Bf4 e5 14. Be3 Be6
15. Qa4 Bd5 16. Rab1 Rfd8 17. Qa6 Rd7 18. Rb2 Rb8 19. Rfb1 Rxb2 20. Rxb2 Bxg2
21. Kxg2 Bf8 22. Qc4 Kg7 23. f3 Be7 24. h4 h5 25. g4 hxg4 26. fxg4 Rd5 27. Rb1
Qd7 28. Rf1 f5 29. gxf5 gxf5 30. Kh2 Rd1 31. Rf2 Rd5 32. Rg2+ Kh7 33. Bxa7 e4
34. Bd4 Bd6+ 35. Kg1 Bf8 36. Rg3 c5 37. Be3 Qf7 38. Kg2 Bd6 39. Rg5 Be7 40. Rg3
Bd6 41. Rg5 Be7 1/2-1/2

[Event "World Senior 50+ 2014"]
[Site "Katerini GRE"]
[Date "2014.10.25"]
[Round "2.16"]
[White "Yasin, Hur"]
[Black "Pashkov, Vladimir M."]
[Result "1-0"]
[WhiteElo "2138"]
[BlackElo "1818"]
[WhiteFideId "6300170"]
[BlackFideId "24194778"]
[EventDate "2014.10.24"]

1. e4 c5 2. Nf3 Nc6 3. d4 cxd4 4. Nxd4 e5 5. Nb5 d6 6. N1c3 a6 7. Na3 Nf6 8. Nc4
b5 9. Ne3 b4 10. Ncd5 Nxe4 11. Qf3 f5 12. Nxf5 Bxf5 13. Qxf5 Nf6 14. Qe6+ Be7
15. Nxf6+ gxf6 16. Be2 Qd7 17. Qd5 h5 18. Bd2 Kd8 19. a3 Ra7 20. axb4 Nd4 21.
Bd3 Qc6 22. Qxc6 Nxc6 23. Rxa6 Rxa6 24. Bxa6 d5 25. c3 Kc7 26. Be2 Ra8 27. Bxh5
Ra1+ 28. Bd1 Rb1 29. b3 d4 30. b5 dxc3 31. Bxc3 Nb4 32. O-O Kb6 33. h4 Nd5 34.
Bd2 Rb2 35. Bc1 Ra2 36. Bf3 Nc3 37. h5 Bf8 38. Bc6 Ne2+ 39. Kh2 Nxc1 40. Rxc1
Rxf2 41. Be8 Bh6 42. Rc6+ Kb7 43. Kg3 Rf1 44. Bf7 Bg5 45. Bd5 Kb8 46. b6 Rd1 47.
Rd6 Rd3+ 48. Kg4 Rd4+ 49. Kf5 Kc8 50. b7+ Kc7 51. Rd8 Rb4 52. Rc8+ 1-0

[Event "World Senior 50+ 2014"]
[Site "Katerini GRE"]
[Date "2014.10.25"]
[Round "2.17"]
[White "Patola, Eero"]
[Black "Gamback, Bjorn"]
[Result "0-1"]
[WhiteElo "1857"]
[BlackElo "2109"]
[WhiteFideId "504092"]
[BlackFideId "1703161"]
[EventDate "2014.10.24"]

1. c4 c5 2. Nc3 Nc6 3. e4 g6 4. g3 Bg7 5. Bg2 d6 6. d3 e6 7. Nge2 Nge7 8. O-O
O-O 9. Rb1 Nd4 10. Nxd4 cxd4 11. Ne2 a5 12. f4 f5 13. h3 e5 14. a3 a4 15. Kh2
Kh8 16. Bd2 fxe4 17. Bxe4 Bf5 18. g4 Bxe4 19. dxe4 Qc7 20. Rc1 Nc6 21. f5 gxf5
22. gxf5 Bf6 23. Ng3 Rg8 24. Qf3 Na5 25. Nh5 Nb3 26. Rc2 Nxd2 27. Rxd2 Qf7 28.
Rc2 Rg5 29. Nxf6 Qxf6 30. c5 Rc8 31. Rfc1 d5 32. Rf2 dxe4 33. Qxe4 Rc6 34. Re1
Rxc5 35. Qxb7 Rg8 36. Qe4 Qg5 37. Rg2 Qxg2+ 38. Qxg2 Rxg2+ 39. Kxg2 Kg7 40. Kf3
Kf6 41. Ke4 Rc2 42. Rb1 Rh2 43. Rc1 Re2+ 44. Kf3 Rxb2 45. Kg4 h5+ 0-1

[Event "World Senior 50+ 2014"]
[Site "Katerini GRE"]
[Date "2014.10.25"]
[Round "2.18"]
[White "Limono, Handjojo"]
[Black "Bluvshtein, Ilia"]
[Result "1-0"]
[WhiteElo "1801"]
[BlackElo "2088"]
[WhiteFideId "7102909"]
[BlackFideId "2605317"]
[EventDate "2014.10.24"]

1. c4 Nf6 2. g3 g6 3. Bg2 d5 4. Nf3 Bg7 5. O-O O-O 6. cxd5 Nxd5 7. Nc3 Nc6 8. d4
Be6 9. e4 Nxc3 10. bxc3 Bc4 11. Re1 e5 12. d5 Ne7 13. Ba3 Re8 14. Nd2 Ba6 15.
Qa4 c6 16. c4 cxd5 17. cxd5 Nc8 18. Rad1 Nb6 19. Qb3 Qd7 20. Bc5 Na4 21. Be3
Rac8 22. Rc1 b6 23. Bh3 f5 24. exf5 Nc5 25. Bxc5 bxc5 26. Ne4 c4 27. Qa3 Bb5 28.
f6 Qxh3 29. fxg7 Kxg7 30. Nd6 a6 31. Nxc8 Qxc8 32. Qd6 Qf5 33. Qb6 e4 34. Qd4+
Qe5 35. Qxe5+ Rxe5 36. a4 Bxa4 37. Rxc4 Bb3 38. Rc7+ Kh6 39. d6 Rd5 40. d7 a5
41. Ra7 a4 42. h4 Rd4 43. Kh2 Kh5 44. d8=Q Rxd8 45. Rxh7+ Kg4 46. Rxe4+ Kf3 47.
Rhe7 Rf8 48. Kg1 Rf6 49. Rb4 Re6 50. Rf4+ Ke2 51. Rxe6+ Bxe6 52. Re4+ 1-0

[Event "World Senior 50+ 2014"]
[Site "Katerini GRE"]
[Date "2014.10.25"]
[Round "2.19"]
[White "Ismail, Ahmad"]
[Black "Bobke, Laurenz"]
[Result "1-0"]
[WhiteElo "2075"]
[BlackElo "1715"]
[WhiteFideId "5700655"]
[BlackFideId "1270575"]
[EventDate "2014.10.24"]

1. d4 e6 2. Nf3 d5 3. e3 Bb4+ 4. c3 Be7 5. Bd3 Nf6 6. O-O Nbd7 7. Ne5 O-O 8. f4
c5 9. Nd2 a6 10. a4 Qc7 11. Qf3 b6 12. g4 Bb7 13. g5 Ne8 14. Qh5 g6 15. Qh6 Nd6
16. Rf3 f6 17. Bxg6 Rf7 18. Nxf7 hxg6 19. Qxg6+ Kf8 20. Nh6 1-0

[Event "World Senior 50+ 2014"]
[Site "Katerini GRE"]
[Date "2014.10.25"]
[Round "2.20"]
[White "Karatas, Kursat"]
[Black "Sideris, Nikiforos"]
[Result "0-1"]
[WhiteElo "1741"]
[BlackElo "2017"]
[WhiteFideId "6336841"]
[BlackFideId "4204271"]
[EventDate "2014.10.24"]

1. e4 c5 2. Nf3 d6 3. Bb5+ Nc6 4. Bxc6+ bxc6 5. O-O e5 6. h3 f5 7. d3 Nf6 8. Re1
Be7 9. Nbd2 O-O 10. exf5 Bxf5 11. Ne4 Nxe4 12. dxe4 Be6 13. Be3 h6 14. Qe2 Qe8
15. Bd2 Qg6 16. Kh1 Rf7 17. Ng1 Raf8 18. f3 Bh4 19. Red1 Bg3 20. Be1 d5 21. Bxg3
Qxg3 22. a4 d4 23. b3 Rf6 24. Rd2 g5 25. Qe1 Qxe1 26. Rxe1 Rb8 27. Rb1 c4 28.
Rdd1 cxb3 29. cxb3 Rxb3 30. Rbc1 Bd7 31. Rc5 d3 32. Ra5 Rd6 33. Rxa7 c5 34. Rc7
Bxa4 35. Rxc5 Rb5 36. Rxb5 Bxb5 37. Rd2 Rc6 38. f4 exf4 39. Nf3 Rc2 40. Kg1 Rxd2
41. Nxd2 Kf7 42. g3 fxg3 43. Kg2 Ke6 44. Kxg3 Ke5 45. Kf3 Kd4 46. Kf2 Bd7 47.
Nb3+ Kc3 48. Nc5 d2 0-1

[Event "World Senior 50+ 2014"]
[Site "Katerini GRE"]
[Date "2014.10.25"]
[Round "2.21"]
[White "Hafez, Bakr"]
[Black "Caribe Santos, Luiz Carlos"]
[Result "1-0"]
[WhiteTitle "IM"]
[WhiteElo "2013"]
[BlackElo "1590"]
[WhiteFideId "8103607"]
[BlackFideId "2171708"]
[EventDate "2014.10.24"]

1. e4 c5 2. c3 Nc6 3. Nf3 d6 4. d4 cxd4 5. cxd4 Bd7 6. Nc3 g6 7. Be3 Bg7 8. Qd2
a6 9. Be2 e6 10. Rd1 Nge7 11. O-O d5 12. Bd3 b5 13. a3 O-O 14. Bh6 Rc8 15. Rfe1
Na5 16. Bxg7 Kxg7 17. exd5 Nxd5 18. Nxd5 exd5 19. h3 Nc4 20. Bxc4 bxc4 21. Re5
Bf5 22. Rde1 Rc6 23. Qf4 Re6 24. Nh4 Be4 25. f3 Bd3 26. g3 Rfe8 27. Qe3 Qf6 28.
Ng2 Rxe5 29. dxe5 Qf5 30. g4 Qc8 31. Nf4 Qc6 32. Qd4 Kf8 33. e6 Kg8 34. exf7+
Kxf7 35. Rxe8 Kxe8 36. Qe5+ Kd7 37. Nxd5 Qc5+ 38. Kg2 Kc6 39. Nb4+ Kb5 40. Qe8+
Kb6 41. Qd8+ Kb7 42. Nxd3 cxd3 43. Qxd3 Kb6 44. f4 Qc1 45. Qf1 Qxb2+ 46. Qf2+
Qxf2+ 47. Kxf2 Kc5 48. Ke3 Kd5 49. Kd3 h6 50. h4 a5 51. a4 Kc5 52. Ke4 Kd6 53.
f5 g5 54. hxg5 hxg5 55. Kd4 Kd7 56. Ke5 Ke7 57. f6+ Kf7 58. Ke4 1-0

[Event "World Senior 50+ 2014"]
[Site "Katerini GRE"]
[Date "2014.10.25"]
[Round "2.22"]
[White "Ferreira, Alexander"]
[Black "Zybura, Andre"]
[Result "1/2-1/2"]
[WhiteElo "1657"]
[BlackElo "1975"]
[WhiteFideId "2102935"]
[BlackFideId "2606208"]
[EventDate "2014.10.24"]

1. e4 e5 2. Nf3 Nf6 3. Nc3 Nc6 4. Bc4 Nxe4 5. Nxe4 d5 6. Bd3 dxe4 7. Bxe4 Bd6 8.
d4 Bg4 9. Bxc6+ bxc6 10. dxe5 Bxe5 11. O-O Qxd1 12. Rxd1 f6 13. Rd3 Bxf3 14.
gxf3 Rd8 15. Rxd8+ Kxd8 16. Be3 a6 17. c3 Kd7 18. Rd1+ Ke6 19. f4 Bd6 20. Kg2
Rb8 21. b4 Rb5 22. h3 Rf5 23. Rd4 c5 24. bxc5 Bxc5 25. Rc4 Bd6 26. Re4+ Kd7 27.
Ra4 a5 28. Kf3 Kc6 29. Kg4 g6 30. c4 h5+ 31. Kf3 Bb4 32. Ke4 Kd6 33. Kd3 g5 34.
fxg5 fxg5 35. a3 Be1 36. Ke2 Bc3 37. Kd3 1/2-1/2

[Event "World Senior 50+ 2014"]
[Site "Katerini GRE"]
[Date "2014.10.26"]
[Round "3.3"]
[White "Kristiansen, Jens"]
[Black "Kalegin, Evgenij"]
[Result "1/2-1/2"]
[WhiteTitle "GM"]
[BlackTitle "IM"]
[WhiteElo "2405"]
[BlackElo "2474"]
[WhiteFideId "1400061"]
[BlackFideId "4103416"]
[EventDate "2014.10.24"]

1. d4 Nf6 2. Nf3 g6 3. c4 Bg7 4. Nc3 O-O 5. e4 d6 6. Be2 e5 7. d5 Nbd7 8. Be3
Ng4 9. Bg5 f6 10. Bh4 Nh6 11. Nd2 Nf7 12. b4 a5 13. a3 Bh6 14. Nb3 axb4 15. axb4
Rxa1 16. Qxa1 Bg5 17. Bxg5 fxg5 18. O-O Nf6 19. c5 g4 20. Qc1 Nh5 21. Qe3 Nf4
22. Rc1 Qh4 23. Bf1 Ng5 24. Nd2 Bd7 25. Qg3 Qh6 26. Qe3 Qh4 27. Qg3 1/2-1/2

[Event "World Senior 50+ 2014"]
[Site "Katerini GRE"]
[Date "2014.10.26"]
[Round "3.4"]
[White "Shevelev, Arkady"]
[Black "Sturua, Zurab"]
[Result "0-1"]
[WhiteTitle "IM"]
[BlackTitle "GM"]
[WhiteElo "2295"]
[BlackElo "2523"]
[WhiteFideId "2802163"]
[BlackFideId "13600095"]
[EventDate "2014.10.24"]

1. e4 e5 2. Nf3 Nc6 3. Nc3 g6 4. d4 exd4 5. Nxd4 Bg7 6. Be3 Nf6 7. g3 O-O 8. Bg2
d5 9. exd5 Bg4 10. dxc6 Bxd1 11. cxb7 Rb8 12. Rxd1 Ng4 13. O-O Nxe3 14. fxe3 Qe8
15. Rfe1 Kh8 16. Ncb5 a6 17. Nxc7 Qe7 18. Nxa6 Rxb7 19. Bxb7 Qxb7 20. Nc5 Qxb2
21. Ncb3 Qxa2 22. Ra1 Qb2 23. Ra7 Qc3 24. Kf2 Bh6 25. Re7 Kg8 26. Re5 Rc8 27.
Re2 Bg7 28. Re7 h5 29. Re4 Bh6 30. Re5 Bf8 31. Re4 Qc4 32. Re5 Qc7 33. Re4 Qb7
34. Re5 Bd6 35. Rb5 Qd7 36. e4 Bc5 37. Rd2 0-1

[Event "World Senior 50+ 2014"]
[Site "Katerini GRE"]
[Date "2014.10.26"]
[Round "3.6"]
[White "Nikolaidis, Konstantinos"]
[Black "Bischoff, Klaus"]
[Result "1/2-1/2"]
[WhiteTitle "FM"]
[BlackTitle "GM"]
[WhiteElo "2178"]
[BlackElo "2504"]
[WhiteFideId "4200578"]
[BlackFideId "4600045"]
[EventDate "2014.10.24"]

1. d4 e6 2. c4 b6 3. e4 Bb7 4. Bd3 Nc6 5. Ne2 Nb4 6. Nbc3 Nxd3+ 7. Qxd3 Bb4 8.
O-O Ne7 9. a3 Bxc3 10. Nxc3 O-O 11. d5 c6 12. Be3 cxd5 13. cxd5 exd5 14. exd5 d6
15. a4 Qc8 16. Rfd1 Ba6 1/2-1/2

[Event "World Senior 50+ 2014"]
[Site "Katerini GRE"]
[Date "2014.10.26"]
[Round "3.7"]
[White "Movsziszian, Karen"]
[Black "Heinig, Wolfram"]
[Result "1-0"]
[WhiteTitle "GM"]
[BlackTitle "FM"]
[WhiteElo "2487"]
[BlackElo "2296"]
[WhiteFideId "13301152"]
[BlackFideId "4611926"]
[EventDate "2014.10.24"]

1. g3 c5 2. Bg2 Nc6 3. d3 g6 4. f4 Bg7 5. Nf3 d6 6. O-O e6 7. e4 Nge7 8. c3 O-O
9. Be3 b6 10. Na3 Bb7 11. Re1 Qd7 12. Bf2 e5 13. f5 gxf5 14. Bh3 d5 15. exf5 f6
16. g4 Rad8 17. d4 cxd4 18. cxd4 e4 19. Nh4 Ba6 20. Nc2 Rc8 21. Bf1 Bxf1 22.
Rxf1 Na5 23. Be3 Nc4 24. Bc1 Rc6 25. Ng2 Rfc8 26. Rf2 a5 27. h4 Nd6 28. Nf4 Nf7
29. Nh5 Kh8 30. Bf4 Rg8 31. Ne3 Bh6 32. Kh1 Bxf4 33. Nxf4 Qd6 34. a3 Qd7 35. Qd2
Nd6 36. Rg1 Nc4 37. Qe2 Nxe3 38. Qxe3 Rgc8 39. Nh5 Ng8 40. g5 fxg5 41. hxg5 Rc2
42. Qf4 Rxf2 43. Qxf2 e3 44. Qf4 Qe8 45. Ng3 Rc2 46. Re1 e2 47. Kg2 Rxb2 48. Kf2
h6 49. f6 Qf7 50. Nxe2 Qh5 51. f7 hxg5 52. Qe5+ Kh7 53. f8=N+ Kh6 54. Qh8# 1-0

[Event "World Senior 50+ 2014"]
[Site "Katerini GRE"]
[Date "2014.10.26"]
[Round "3.8"]
[White "Stepovoj, Vladimir"]
[Black "Frick, Christoph"]
[Result "1-0"]
[WhiteTitle "IM"]
[WhiteElo "2323"]
[BlackElo "2241"]
[WhiteFideId "4120159"]
[BlackFideId "4607090"]
[EventDate "2014.10.24"]

1. d4 d5 2. c4 c6 3. Nc3 dxc4 4. e3 b5 5. a4 b4 6. Ne4 Qd5 7. Ng3 Nf6 8. Be2 Ba6
9. Nf3 e6 10. O-O Bd6 11. Bd2 Nbd7 12. b3 h5 13. e4 Nxe4 14. bxc4 Nxg3 15. cxd5
Nxe2+ 16. Kh1 cxd5 17. Re1 Nc3 18. Bxc3 bxc3 19. Qb3 O-O 20. Qxc3 Rfc8 21. Qe3
Nf6 22. Ng5 Bb4 23. Rec1 Bc4 24. a5 Rc7 25. Rcb1 Bd6 26. h3 Re8 27. Nf3 Nd7 28.
Nd2 Rec8 29. Rc1 Nf6 30. Rab1 g6 31. Nxc4 dxc4 32. g3 Nd5 33. Qf3 c3 34. a6 Ba3
35. Rc2 Nb4 36. Rxb4 Bxb4 37. d5 exd5 38. Qxd5 Bf8 39. Kg2 Bg7 40. g4 Rc5 41.
Qb7 R5c7 42. Qb5 hxg4 43. hxg4 Bf6 44. f4 Rd8 45. g5 Bg7 46. Kf3 Rcd7 47. Ke2
Kh7 48. Qc6 Re7+ 49. Kf3 Red7 50. Kg4 Rd6 51. Qc7 R6d7 52. Qc6 Rd2 53. Rc1 Rd1
54. Rxd1 Rxd1 55. Qg2 Bd4 56. Qh2+ Kg8 57. f5 gxf5+ 58. Kxf5 Rd2 59. Qb8+ Kg7
60. Qb4 Rd1 61. Qc4 Rd2 62. g6 fxg6+ 63. Ke4 Kh6 64. Qf7 Bg7 65. Qxa7 Rd4+ 66.
Kf3 Rd3+ 67. Ke2 Rd2+ 68. Ke1 Bd4 69. Qf7 Bf2+ 70. Kf1 Be3 71. Qf8+ Kg5 72. Qe7+
Kf4 73. Qc7+ Kf3 74. Qc6+ Kf4 75. Qxc3 Rf2+ 76. Ke1 Rg2 77. Qf6+ Kg4 78. Qxg6+
Kf3 79. Qf5+ Kg3 80. Qe5+ Kf3 81. Qd5+ Kg3 82. Qd6+ Kf3 83. Qc6+ Kg3 84. a7 Bf2+
85. Kd1 Bxa7 86. Qc7+ Kh3 87. Qxa7 Kh2 88. Ke1 Rg1+ 89. Kf2 Rg2+ 90. Kf1 Rg4 91.
Qe3 1-0